Comportamiento estructural de rotaciones y desplazamientos de marcos planos de microconcreto de dos niveles sometidos a cargas cíclicas
Guardado en:
| 主要作者: | |
|---|---|
| 格式: | 图书 |
| 出版: |
1997
|
| 主题: | |
| 标签: |
添加标签
没有标签, 成为第一个标记此记录!
|
MARC
| LEADER | 00000nam a2200000Ia 4500 | ||
|---|---|---|---|
| 003 | 008253 | ||
| 005 | 20221231144230.0 | ||
| 008 | 140114s1997 cr a m 000 ||s d | ||
| 040 | |c cru CEDI | ||
| 090 | |a TFG 3690 | ||
| 100 | |a Rodríguez Rodríguez, Rocío |9 9443 | ||
| 245 | |a Comportamiento estructural de rotaciones y desplazamientos de marcos planos de microconcreto de dos niveles sometidos a cargas cíclicas | ||
| 260 | |c 1997 | ||
| 300 | |a ix, 64 hojas : ilustraciones | ||
| 500 | |a Proyecto de graduación (licenciatura en ingeniería civil)--Universidad de Costa Rica. Facultad de Ingeniería. Escuela de Ingeniería Civil | ||
| 650 | |x MARCOS ESTRUCTURALES |x ANALISIS ESTRUCTURAL (INGENIERIA) |9 9444 | ||
| 942 | |c TFG | ||
| 999 | |c 18819 |d 18819 | ||
